| 000 | 00477nam a2200157Ia 4500 | ||
|---|---|---|---|
| 008 | 230917s9999||||xx |||||||||||||| ||und|| | ||
| 020 | _cRS7 | ||
| 040 |
_e174712 _aMAIN |
||
| 041 | _aEnglish | ||
| 082 | _a891.4317109 BD469A:GL | ||
| 100 | _aगौतम, लक्ष्मण | ||
| 245 | 0 | _aअंधा युगः समीक्षा 2 खण्ड | |
| 260 |
_aदिल्ली _bअशोक प्रकाशन _c1968 |
||
| 300 | _a135 पृ. p. | ||
| 942 | _cHN | ||
| 999 |
_c41142 _d41142 |
||